Представление документа в формате MARC21

ПолеНазваниеЗначение
  Тип записи a
  Библиографический уровень m
001 Контрольный номер RU\infra-m\znanium\bibl\2222818
005 Дата корректировки 20260429142105.6
008 Кодируемые данные 260217s2026 RU g rus u
020 Индекс ISBN __
a ISBN 978-5-16-021363-7
020 Индекс ISBN __
a ISBN 978-5-16-114056-7 (электр. издание)
040 Источник каталогиз. __
a Служба первич. каталог. Общество с ограниченной ответственностью «ЗНАНИУМ»
041 Код языка издания __
a Код языка текста rus
044 Код страны публикации __
a Код страны публикации RU
080 Индекс УДК __
a Индекс УДК 631.162(075.8)
084 Индекс другой классификации/Индекс ББК __
2 Источник индекса rubbk
a Индекс другой классификации/Индекс ББК 65.052.2я73
084 Индекс другой классификации/Индекс ББК __
2 Источник индекса okso
a Индекс другой классификации/Индекс ББК 38.02.01
100 Автор __
a Автор Гаджиев Н.Г.
q Полное имя Гаджиев Назирхан Гаджиевич
u Дополнение Дагестанский государственный университет
245 Заглавие __
a Заглавие Управленческий учет
b Продолж. заглавия Учебное пособие
c Ответственность Дагестанский государственный университет; Дагестанский государственный университет; Рязанский государственный радиотехнический университет имени В.Ф. Уткина; Московский политехнический университет, ф-л Коломенский институт; Московский университет Министерства внутренних дел Российской Федерации имени В.Я. Кикотя, Рязанский филиал
250 Сведения об издании __
a Основные сведения об издании 1
260 Выходные данные __
a Место издания Москва
b Издательство ООО "Научно-издательский центр ИНФРА-М"
c Дата издания 2026
300 Физическое описание __
a Объем 196 с.
440 Серия __
a Серия Среднее профессиональное образование
520 Аннотация __
a Аннотация Управленческий учет необходим для создания эффективной системы управления деятельностью любого экономического субъекта. С помощью информации управленческого учета принимаются важнейшие решения: о цене ассортименте выпускаемой продукции об эффективном использовании ресурсов оптимизации затрат о величине планируемой прибили и другие. Задания и упражнения предложенные в учебном пособии направлены на овладение обучающимися методиками практическими навыками и умениями формирования представления и использования управленческой информации в системе бухгалтерского учета. Соответствует требованиям федеральных государственных образовательных стандартов среднего профессионального образования последнего поколения. Для студентов средних профессиональных учебных заведений обучающихся по специальности среднего профессионального образования «Экономика и бухгалтерский учет (по отраслям)».
521 Примеч. о цел. назн. __
a Примеч. о целев. назн. Среднее профессиональное образование
650 Тематические рубрики __
a Основная рубрика Экономика. Бухгалтерский учет. Финансы
x Основная подрубрика Управленческий учет
655 Указ. предметных рубрик (устаревшее) __
a Жанр/ форма (устаревшее) Учебное пособие
700 Другие авторы __
a Другие авторы Коноваленко С.А.
q Полное имя Коноваленко Сергей Александрович
u Дополнение Московский университет Министерства внутренних дел Российской Федерации имени В.Я. Кикотя, Рязанский филиал
700 Другие авторы __
a Другие авторы Скрипкина О.В.
q Полное имя Скрипкина Ольга Викторовна
u Дополнение Рязанский государственный радиотехнический университет имени В.Ф. Уткина
700 Другие авторы __
a Другие авторы Мурзак Н.А.
q Полное имя Мурзак Наталия Александровна
u Дополнение Московский политехнический университет, ф-л Коломенский институт
700 Другие авторы __
a Другие авторы Нюхня И.В.
q Полное имя Нюхня Ирина Викторовна
u Дополнение Рязанский государственный университет им. С.А. Есенина
700 Другие авторы __
a Другие авторы Гаджиев А.Н.
q Полное имя Гаджиев Артур Назирханович
u Дополнение Дагестанский государственный университет
856 Электронный адрес документа 4_
a Имя сервера/домена znanium.ru
m Помощь ebs_support@infra-m.ru
n Местонахождение сервера НИЦ ИНФРА-М
u URL https://znanium.ru/catalog/document?id=477494
856 Электронный адрес документа 48
a Имя сервера/домена znanium.ru
d Путь /cover/2222
f Электронное имя 2222818.jpg
q Тип электронного формата image/jpeg
u URL https://znanium.ru/cover/2222/2222818.jpg
911 __
u 0030=https://znanium.ru/catalog/document?id=477494
911 __
u 712a=Дагестанский государственный университет
911 __
u 712a=Рязанский государственный радиотехнический университет имени В.Ф. Уткина
911 __
u 712a=Московский политехнический университет, ф-л Коломенский институт
911 __
u 712a=Московский университет Министерства внутренних дел Российской Федерации имени В.Я. Кикотя, Рязанский филиал